| 000 | 00460nam a2200157Ia 4500 | ||
|---|---|---|---|
| 008 | 210719s2006 xx 000 0 und d | ||
| 041 | _aeng | ||
| 082 | _a823.008 REAS | ||
| 100 | _aREADERS DIGEST | ||
| 245 | _aSelect editions | ||
| 260 |
_aSydney _bReaders Digest _c2006 |
||
| 300 |
_a574 _bHB |
||
| 650 | _aEnglish Fiction | ||
| 650 | _aEnglish Fiction | ||
| 906 | _aDead simple ; Diving through clouds ; editions ; Select ; The closers ; The double eagle | ||
| 999 |
_c215251 _d215251 |
||